Marvel Rivals: Ultron Skins by Picture - Statistics

General Stats
  • This quiz has been taken 19 times
  • The average score is 3 of 5
Answer Stats
Picture Answer % Correct
Infinity Ultron
100%
X-Tron
55%
Golden Ultron
45%
Wasteland Robot
36%
Mechanical Phantom
27%
No matching quizzes found
Score Distribution
Percent of People with Each Score
Percentile by Number Answered
Your Score History
You have not taken this quiz